[Event "Rivera Huila Hernandez Memorial-B"]
[Site "Rivera Huila"]
[Date "2023.07.22"]
[Round "4"]
[White "Puentes, Alvaro"]
[Black "Garcia, Juan Manuel"]
[Result "1/2-1/2"]
[WhiteElo "2089"]
[BlackElo "1775"]
[PlyCount "58"]
[EventDate "2023.07.20"]
[EventType "swiss"]
[EventRounds "7"]
[EventCountry "COL"]
[SourceTitle "CBM 215 Extra"]
[Source "ChessBase"]
[SourceDate "2023.09.30"]
[SourceVersion "1"]
[SourceVersionDate "2023.09.30"]
[SourceQuality "1"]

1. e4 e5 2. Nf3 Nc6 3. d4 exd4 4. Nxd4 Bc5 5. Nb3 Bb6 6. Nc3 d6 7. Qe2 Be6 8. Be3 Nf6 9. 0-0-0 Bxe3+ 10. Qxe3 Qe7 11. f4 0-0 12. h3 Rfe8 13. Bd3 Nb4 14. Rhe1 Nxd3+ 15. Qxd3 a6 16. g4 b5 17. g5 Nd7 18. Qg3 Bxb3 19. axb3 Nb6 20. Nd5 Nxd5 21. exd5 Qd7 22. Qg4 Qxg4 23. hxg4 Rxe1 24. Rxe1 Kf8 25. Kd2 Re8 26. Rxe8+ Kxe8 27. Kc3 a5 28. Kd4 Kd7 29. c4 c5+ 1/2-1/2

[Event "Rivera Huila Hernandez Memorial-B"]
[Site "Rivera Huila"]
[Date "2023.07.20"]
[Round "1"]
[White "Jimenez Mendez, William"]
[Black "Puentes, Alvaro"]
[Result "1/2-1/2"]
[WhiteElo "1404"]
[BlackElo "2089"]
[PlyCount "67"]
[EventDate "2023.07.20"]
[EventType "swiss"]
[EventRounds "7"]
[EventCountry "COL"]
[SourceTitle "CBM 215 Extra"]
[Source "ChessBase"]
[SourceDate "2023.09.30"]
[SourceVersion "1"]
[SourceVersionDate "2023.09.30"]
[SourceQuality "1"]

1. Nf3 d5 2. d4 e6 3. g3 Bd6 4. Bg2 Nf6 5. 0-0 Nbd7 6. Re1 0-0 7. Nbd2 c6 8. c4 Re8 9. e4 dxe4 10. Nxe4 Nxe4 11. Rxe4 Nf6 12. Re1 Bd7 13. Qb3 Qb6 14. Qxb6 axb6 15. a3 h6 16. Ne5 Rad8 17. Nxd7 Rxd7 18. Bd2 e5 19. Bc3 Rde7 20. dxe5 Bxe5 21. Bxe5 Rxe5 22. Rxe5 Rxe5 23. Kf1 Kf8 24. Rd1 Ke8 25. Rd2 Re7 26. Rd3 Nd7 27. Rd4 Kd8 28. Bh3 Kc7 29. Bxd7 Rxd7 30. Rxd7+ Kxd7 31. Ke2 Kd6 32. Kd3 f5 33. f4 g6 34. h4 1/2-1/2

[Event "Pan American-ch Seniors 50"]
[Site "Neiva"]
[Date "2017.10.14"]
[Round "5"]
[White "Tempone, Marcelo"]
[Black "Puentes, Alvaro"]
[Result "1-0"]
[WhiteElo "2411"]
[BlackElo "2123"]
[PlyCount "88"]
[EventDate "2017.10.11"]
[EventType "swiss"]
[EventRounds "9"]
[EventCountry "COL"]
[SourceTitle "CBM 181 Extra"]
[Source "ChessBase"]
[SourceDate "2017.12.12"]
[SourceVersion "1"]
[SourceVersionDate "2017.12.12"]
[SourceQuality "1"]

1. d4 d5 2. c4 e6 3. Nf3 c6 4. e3 Nf6 5. Nbd2 Bd6 6. Bd3 0-0 7. 0-0 Nbd7 8. e4 dxe4 9. Nxe4 Nxe4 10. Bxe4 Nf6 11. Bc2 Re8 12. Bg5 h6 13. Bh4 c5 14. Qd3 cxd4 15. Nxd4 Be5 16. Rad1 Qxd4 17. Qxd4 Bxd4 18. Rxd4 e5 19. Rd2 Be6 20. b3 Rad8 21. Rfd1 Rxd2 22. Rxd2 Nd7 23. f3 f6 24. Bf2 Rc8 25. h3 b6 26. g4 g6 27. Be3 f5 28. Bf2 Kf7 29. Be1 g5 30. Re2 Rc6 31. h4 Kf6 32. hxg5+ hxg5 33. Rh2 Nc5 34. Bc3 Nd7 35. Bb4 a5 36. Ba3 Nc5 37. Bb2 Rd6 38. Kf1 Nd7 39. Ke2 Bf7 40. Bxf5 Bg6 41. Rh6 Kg7 42. Rxg6+ Rxg6 43. Bxd7 Rh6 44. Bxe5+ Kf7 1-0

[Event "Pan American-ch Seniors 50"]
[Site "Neiva"]
[Date "2017.10.12"]
[Round "4"]
[White "Puentes, Alvaro"]
[Black "Cedeno, Romulo"]
[Result "1-0"]
[WhiteElo "2123"]
[BlackElo "1871"]
[PlyCount "56"]
[EventDate "2017.10.11"]
[EventType "swiss"]
[EventRounds "9"]
[EventCountry "COL"]
[SourceTitle "CBM 181 Extra"]
[Source "ChessBase"]
[SourceDate "2017.12.12"]
[SourceVersion "1"]
[SourceVersionDate "2017.12.12"]
[SourceQuality "1"]

1. e4 d5 2. exd5 Qxd5 3. Nc3 Qd6 4. Nf3 c6 5. d4 Nf6 6. g3 Bg4 7. Bg2 Nbd7 8. 0-0 g6 9. Re1 Nb6 10. h3 Bxf3 11. Bxf3 Bg7 12. Ne2 Rd8 13. c3 0-0 14. Qc2 Rfe8 15. Bf4 Qd7 16. Bg2 Nbd5 17. Rad1 Nxf4 18. Nxf4 Nd5 19. Nd3 Qf5 20. Qb3 Qc8 21. Re2 e6 22. Rde1 Qc7 23. h4 h5 24. Ne5 Bxe5 25. Rxe5 Nb6 26. Rg5 Kg7 27. Qc2 Rd7 28. Bf3 Red8 1-0

[Event "Medellin Flores op 24th"]
[Site "Medellin"]
[Date "2017.08.07"]
[Round "8"]
[White "Cadavid, Juan Miguel"]
[Black "Puentes, Alvaro"]
[Result "1-0"]
[WhiteElo "1947"]
[BlackElo "2144"]
[PlyCount "53"]
[EventDate "2017.08.03"]
[EventType "swiss"]
[EventRounds "9"]
[EventCountry "COL"]
[SourceTitle "CBM 179 Extra"]
[Source "ChessBase"]
[SourceDate "2017.08.23"]
[SourceVersion "1"]
[SourceVersionDate "2017.08.23"]
[SourceQuality "1"]

1. e4 d5 2. exd5 Qxd5 3. d4 Nc6 4. Nf3 Bg4 5. Be2 e6 6. 0-0 Nf6 7. c4 Qd6 8. Nc3 a6 9. d5 exd5 10. cxd5 Nb4 11. Qa4+ Bd7 12. Qb3 Nbxd5 13. Bc4 Bc6 14. Rd1 0-0-0 15. Bg5 Qc5 16. Nxd5 Rxd5 17. Bxd5 Nxd5 18. Rac1 Qd6 19. Be3 Qb4 20. Qd3 Kb8 21. Ne5 Nxe3 22. Nxc6+ bxc6 23. Qxe3 Bd6 24. Rxc6 Rd8 25. g3 Qa4 26. Rdxd6 Rxd6 27. Qe8+ 1-0

[Event "Medellin Flores op 24th"]
[Site "Medellin"]
[Date "2017.08.05"]
[Round "5"]
[White "Becerra, Juan David"]
[Black "Puentes, Alvaro"]
[Result "1-0"]
[WhiteElo "2323"]
[BlackElo "2144"]
[PlyCount "59"]
[EventDate "2017.08.03"]
[EventType "swiss"]
[EventRounds "9"]
[EventCountry "COL"]
[SourceTitle "CBM 179 Extra"]
[Source "ChessBase"]
[SourceDate "2017.08.23"]
[SourceVersion "1"]
[SourceVersionDate "2017.08.23"]
[SourceQuality "1"]

1. e4 e5 2. Nc3 Nc6 3. g3 g6 4. Bg2 Bg7 5. Nge2 d6 6. 0-0 Nge7 7. Nd5 Nxd5 8. exd5 Ne7 9. d4 f5 10. dxe5 dxe5 11. c4 0-0 12. Be3 Bd7 13. Qd2 Kh8 14. Rad1 Ng8 15. f4 e4 16. c5 c6 17. dxc6 Bxc6 18. Nd4 Qe7 19. Nxc6 bxc6 20. Qd6 Rfc8 21. Rf2 Qf7 22. b3 Nf6 23. Rfd2 Bf8 24. Qd4 Be7 25. Bf1 Qg7 26. Ba6 Rd8 27. Qxd8+ Rxd8 28. Rxd8+ Bf8 29. Bd4 Qe7 30. Rd7 1-0

[Event "Medellin Flores op 24th"]
[Site "Medellin"]
[Date "2017.08.04"]
[Round "3"]
[White "Zuluaga Mancilla, Cesar"]
[Black "Puentes, Alvaro"]
[Result "1/2-1/2"]
[WhiteElo "2305"]
[BlackElo "2144"]
[PlyCount "95"]
[EventDate "2017.08.03"]
[EventType "swiss"]
[EventRounds "9"]
[EventCountry "COL"]
[SourceTitle "CBM 179 Extra"]
[Source "ChessBase"]
[SourceDate "2017.08.23"]
[SourceVersion "1"]
[SourceVersionDate "2017.08.23"]
[SourceQuality "1"]

1. d4 d5 2. Nf3 c6 3. Bf4 Bf5 4. e3 e6 5. Be2 Bd6 6. 0-0 Nf6 7. Bg3 Bxg3 8. hxg3 Nbd7 9. c4 0-0 10. Nc3 Re8 11. Qb3 Qb6 12. Qa3 Ne4 13. Rac1 Ndf6 14. Ne5 Qd8 15. g4 Bg6 16. Rfd1 Qe7 17. Qb3 Rab8 18. f3 Nxc3 19. bxc3 Nd7 20. Nxg6 hxg6 21. Re1 g5 22. Bd3 g6 23. cxd5 exd5 24. c4 dxc4 25. Qxc4 Nb6 26. Qb3 Kg7 27. Kf2 Rh8 28. Rh1 Rxh1 29. Rxh1 Rh8 30. Rxh8 Kxh8 31. Be4 Kg7 32. a4 Qd7 33. a5 Nd5 34. Bd3 b5 35. axb6 axb6 36. Bc4 b5 37. Be2 f5 38. gxf5 gxf5 39. Qb2 Qe7 40. Qc1 Qf6 41. Qc5 Qe7 42. Qxe7+ Nxe7 43. e4 Kf6 44. Ke3 Ke6 45. g3 Kd6 46. Bd3 fxe4 47. fxe4 c5 48. e5+ 1/2-1/2

[Event "Neiva op 15th"]
[Site "Neiva"]
[Date "2014.11.15"]
[Round "3"]
[White "Puentes, Alvaro"]
[Black "Naranjo Torres, Miguel Andres"]
[Result "1-0"]
[WhiteElo "2112"]
[BlackElo "1673"]
[PlyCount "56"]
[EventDate "2014.11.14"]
[EventType "swiss"]
[EventRounds "7"]
[EventCountry "COL"]
[SourceTitle "CBM 163 Extra"]
[Source "ChessBase"]
[SourceDate "2014.12.23"]
[SourceVersion "1"]
[SourceVersionDate "2014.12.23"]
[SourceQuality "1"]

1. e4 c5 2. c4 Nc6 3. Nc3 d6 4. g3 g6 5. Bg2 Bg7 6. d3 Nd4 7. h3 Nf6 8. Nge2 e5 9. 0-0 Be6 10. Rb1 Qd7 11. Kh2 h5 12. Nxd4 cxd4 13. Nd5 Bxd5 14. cxd5 b5 15. f4 b4 16. a4 a5 17. Bd2 Qa7 18. Rc1 0-0 19. Rc6 Rfd8 20. fxe5 dxe5 21. Rfxf6 Bxf6 22. Rxf6 Rac8 23. Bg5 Rd7 24. Rf2 Qc5 25. Bf6 Qd6 26. g4 h4 27. Qd2 Qxf6 28. Rxf6 Kg7 1-0

[Event "Neiva op 15th"]
[Site "Neiva"]
[Date "2014.11.15"]
[Round "2"]
[White "Ramirez, Alvaro"]
[Black "Puentes, Alvaro"]
[Result "0-1"]
[WhiteElo "1581"]
[BlackElo "2112"]
[PlyCount "75"]
[EventDate "2014.11.14"]
[EventType "swiss"]
[EventRounds "7"]
[EventCountry "COL"]
[SourceTitle "CBM 163 Extra"]
[Source "ChessBase"]
[SourceDate "2014.12.23"]
[SourceVersion "1"]
[SourceVersionDate "2014.12.23"]
[SourceQuality "1"]

1. e4 e5 2. Nf3 d6 3. d4 Nd7 4. Nc3 Ngf6 5. Bg5 Be7 6. Bc4 c6 7. dxe5 dxe5 8. 0-0 Qc7 9. h3 0-0 10. Nh2 b5 11. Be2 h6 12. Bh4 Nc5 13. f3 Ne6 14. Ng4 Nh5 15. Bxe7 Qxe7 16. Qe1 Nd4 17. Bd3 Nf4 18. Qg3 b4 19. Nxh6+ Kh7 20. Nf5 Bxf5 21. exf5 Nxd3 22. cxd3 bxc3 23. Rfe1 f6 24. Qg6+ Kg8 25. Re4 cxb2 26. Rb1 Qf7 27. Rxb2 Rab8 28. Rxb8 Rxb8 29. f4 Qxg6 30. fxg6 Rb5 31. a4 Rd5 32. Kf2 Kf8 33. g4 Ke7 34. f5 Ra5 35. g5 fxg5 36. Rg4 Kf6 37. h4 gxh4 38. Rxh4 0-1

[Event "Mosquera op"]
[Site "Mosquera"]
[Date "2014.11.02"]
[Round "7"]
[White "Puentes, Alvaro"]
[Black "Valderrama Quiceno, Esteban Alberto"]
[Result "1/2-1/2"]
[WhiteElo "2112"]
[BlackElo "2331"]
[PlyCount "91"]
[EventDate "2014.10.30"]
[EventType "swiss"]
[EventRounds "9"]
[EventCountry "COL"]
[SourceTitle "EXT 2015"]
[Source "ChessBase"]
[SourceDate "2014.11.20"]
[SourceVersion "1"]
[SourceVersionDate "2014.11.20"]
[SourceQuality "1"]

1. e4 c5 2. c4 Nc6 3. Nc3 g6 4. g3 Bg7 5. Bg2 Nf6 6. Nge2 0-0 7. d3 d6 8. 0-0 Ne8 9. Rb1 Nc7 10. a3 a5 11. Be3 Rb8 12. a4 Bg4 13. h3 Bxe2 14. Nxe2 Ne6 15. Kh2 Ned4 16. Nc3 e6 17. f4 Qb6 18. b3 Kh8 19. Ne2 f5 20. Ng1 Rbe8 21. h4 e5 22. Nh3 exf4 23. Nxf4 Ne5 24. Nd5 Qd8 25. exf5 Rxf5 26. Rxf5 Nxf5 27. Bg5 Qc8 28. Be4 Rf8 29. Bf4 Nd4 30. Bxe5 Bxe5 31. Kg2 Qe6 32. Ne3 Nf5 33. Nxf5 gxf5 34. Bd5 Qh6 35. h5 f4 36. Qe2 Qg7 37. g4 f3+ 38. Bxf3 Qg5 39. Rh1 b6 40. h6 Rf6 41. Be4 Rxh6 42. Rxh6 Qxh6 43. Qf3 Kg7 44. Bd5 Bf4 45. Qe2 Be5 46. Qf3 1/2-1/2

[Event "Mosquera op"]
[Site "Mosquera"]
[Date "2014.11.02"]
[Round "6"]
[White "Valle, Efrain"]
[Black "Puentes, Alvaro"]
[Result "0-1"]
[WhiteElo "2229"]
[BlackElo "2112"]
[PlyCount "122"]
[EventDate "2014.10.30"]
[EventType "swiss"]
[EventRounds "9"]
[EventCountry "COL"]
[SourceTitle "EXT 2015"]
[Source "ChessBase"]
[SourceDate "2014.11.20"]
[SourceVersion "1"]
[SourceVersionDate "2014.11.20"]
[SourceQuality "1"]

1. e4 e5 2. Nc3 Bc5 3. Bc4 d6 4. Nf3 Nc6 5. d3 Nf6 6. Bg5 h6 7. Be3 Bb6 8. h3 Be6 9. Bb5 0-0 10. g4 Nh7 11. Ne2 Ne7 12. d4 Ng6 13. d5 Bc8 14. Ng3 Nf4 15. Qd2 Ng5 16. Nxg5 hxg5 17. 0-0-0 g6 18. Kb1 Kg7 19. Rdg1 Rh8 20. Bf1 Rh4 21. c4 a5 22. Qc3 f6 23. c5 dxc5 24. Bxc5 Bxc5 25. Qxc5 Bd7 26. Ne2 c6 27. Nxf4 gxf4 28. g5 cxd5 29. Qd6 Bc6 30. gxf6+ Qxf6 31. Qc7+ Kh8 32. exd5 Bxd5 33. Bd3 e4 34. Bc2 Bc6 35. f3 Rh7 36. Qb6 Re7 37. fxe4 Rxe4 38. a3 Re6 39. Rh2 Be4 40. Qf2 f3 41. Ka1 Bxc2 42. Qxc2 Rg8 43. h4 Rf8 44. Rf2 Re3 45. Qc5 Re5 46. Qc3 Rf5 47. Rxg6 Qxc3 48. bxc3 Kh7 49. Rd6 R8f6 50. Rd7+ Rf7 51. Rd6 R5f6 52. Rd5 b6 53. Kb2 Rf5 54. Rd6 R7f6 55. Rd4 Kg6 56. Kc2 Kh5 57. Kd3 Rf4 58. Ke3 Rxd4 59. cxd4 Kg4 60. d5 Kg3 61. h5 Rf8 0-1

[Event "Mosquera op"]
[Site "Mosquera"]
[Date "2014.11.01"]
[Round "4"]
[White "Olarte Parra, Jhoan Sebastian"]
[Black "Puentes, Alvaro"]
[Result "1/2-1/2"]
[WhiteElo "1978"]
[BlackElo "2112"]
[PlyCount "84"]
[EventDate "2014.10.30"]
[EventType "swiss"]
[EventRounds "9"]
[EventCountry "COL"]
[SourceTitle "EXT 2015"]
[Source "ChessBase"]
[SourceDate "2014.11.20"]
[SourceVersion "1"]
[SourceVersionDate "2014.11.20"]
[SourceQuality "1"]

1. e4 d5 2. exd5 Nf6 3. d4 Nxd5 4. c4 Nb6 5. Nf3 g6 6. h3 Bg7 7. Nc3 Nc6 8. Be3 0-0 9. Qd2 e6 10. Rd1 Re8 11. Bh6 Bh8 12. Be2 Ne7 13. g4 Bd7 14. Qf4 f6 15. h4 Nc6 16. Qg3 Rc8 17. Ne4 Qe7 18. b3 e5 19. d5 Nd4 20. Nxd4 exd4 21. Bd3 Bxg4 22. Qxg4 f5 23. Qg2 fxe4 24. Be2 Nd7 25. Bg4 Qf7 26. Qh3 Nb6 27. Be6 Rxe6 28. dxe6 Qe7 29. Bg5 Bf6 30. Rxd4 Qb4+ 31. Bd2 Qa3 32. Rxe4 Qxa2 33. Qf3 Rf8 34. Rf4 Kg7 35. Rxf6 Qa1+ 36. Ke2 Qe5+ 37. Qe3 Qxe3+ 38. Bxe3 Kxf6 39. e7 Re8 40. Bg5+ Kg7 41. Rd1 h6 42. Rd8 Kf7 1/2-1/2

[Event "Mosquera op"]
[Site "Mosquera"]
[Date "2014.11.01"]
[Round "5"]
[White "Puentes, Alvaro"]
[Black "Acosta Cubides, Jorian Jared"]
[Result "1-0"]
[WhiteElo "2112"]
[BlackElo "1901"]
[PlyCount "53"]
[EventDate "2014.10.30"]
[EventType "swiss"]
[EventRounds "9"]
[EventCountry "COL"]
[SourceTitle "EXT 2015"]
[Source "ChessBase"]
[SourceDate "2014.11.20"]
[SourceVersion "1"]
[SourceVersionDate "2014.11.20"]
[SourceQuality "1"]

1. e4 c5 2. c4 d6 3. Nc3 Nc6 4. g3 e6 5. Bg2 Nge7 6. d3 g6 7. Nge2 Bg7 8. 0-0 0-0 9. Rb1 a6 10. a3 Nd4 11. f4 Rb8 12. Kh1 b5 13. cxb5 axb5 14. b4 Nec6 15. Be3 cxb4 16. axb4 Re8 17. Qd2 f5 18. Rfc1 fxe4 19. dxe4 e5 20. Nd5 Nxe2 21. Qxe2 Nd4 22. Qd2 Bg4 23. Bxd4 exd4 24. Rc7 Be6 25. Rbc1 Bxd5 26. exd5 Re3 27. Rxg7+ 1-0

[Event "Huila op 3rd"]
[Site "Huila"]
[Date "2013.11.16"]
[Round "3.1"]
[White "Puentes, Alvaro"]
[Black "Polo, Victor Ramon"]
[Result "1/2-1/2"]
[WhiteElo "2112"]
[BlackElo "2148"]
[PlyCount "38"]
[EventDate "2013.11.15"]
[EventType "swiss"]
[EventRounds "6"]
[EventCountry "COL"]
[SourceTitle "EXT 2024"]
[Source "ChessBase"]
[SourceDate "2023.10.10"]
[SourceVersion "1"]
[SourceVersionDate "2023.10.10"]
[SourceQuality "1"]

1. e4 c5 2. d4 cxd4 3. Nf3 Nf6 4. Nxd4 d6 5. Nc3 a6 6. Bg5 e6 7. f4 Nbd7 8. Qf3 Qc7 9. 0-0-0 b5 10. Bxf6 Nxf6 11. e5 Bb7 12. Qh3 dxe5 13. Ncxb5 Qb6 14. fxe5 Ne4 15. Bc4 Nf2 16. Qb3 0-0-0 17. Nd6+ Rxd6 18. exd6 Qxb3 19. Nxb3 Nxh1 1/2-1/2

[Event "Ortega op 3rd"]
[Site "Ortega"]
[Date "2013.06.09"]
[Round "5"]
[White "Cespedes Galindo, Estefania"]
[Black "Puentes, Alvaro"]
[Result "0-1"]
[WhiteElo "1774"]
[BlackElo "2100"]
[PlyCount "66"]
[EventDate "2013.06.07"]
[EventType "swiss"]
[EventRounds "8"]
[EventCountry "COL"]
[SourceTitle "CBM 154 Extra"]
[Source "ChessBase"]
[SourceDate "2013.06.25"]
[SourceVersion "2"]
[SourceVersionDate "2013.06.25"]
[SourceQuality "1"]

1. d4 f5 2. c4 Nf6 3. Nc3 e6 4. Bg5 Bb4 5. a3 Bxc3+ 6. bxc3 d6 7. Bxf6 Qxf6 8. Nf3 0-0 9. g3 b6 10. Bg2 Bb7 11. 0-0 Nd7 12. a4 a5 13. Re1 f4 14. e4 fxg3 15. fxg3 e5 16. Qc2 Rad8 17. Rf1 Qe7 18. Rae1 Bc6 19. Nh4 g6 20. Bh3 Kg7 21. d5 Bb7 22. Bxd7 Qxd7 23. Rf3 Bc8 24. Ref1 Qe7 25. Kg2 Rxf3 26. Nxf3 Rf8 27. h3 Bd7 28. g4 h6 29. Nd2 Rxf1 30. Nxf1 Qe8 31. Nd2 Bxa4 32. Qb2 Qf7 33. Nf3 Bd1 0-1

[Event "Ortega op 3rd"]
[Site "Ortega"]
[Date "2013.06.09"]
[Round "6"]
[White "Puentes, Alvaro"]
[Black "Ospina Ortiz, Oscar Alexander"]
[Result "1-0"]
[WhiteElo "2100"]
[BlackElo "1952"]
[PlyCount "97"]
[EventDate "2013.06.07"]
[EventType "swiss"]
[EventRounds "8"]
[EventCountry "COL"]
[SourceTitle "CBM 154 Extra"]
[Source "ChessBase"]
[SourceDate "2013.06.25"]
[SourceVersion "2"]
[SourceVersionDate "2013.06.25"]
[SourceQuality "1"]

1. b4 a5 2. b5 b6 3. Bb2 Bb7 4. e3 Nf6 5. Nf3 g6 6. Be2 Bg7 7. 0-0 0-0 8. c4 c6 9. d4 d5 10. Nc3 Nbd7 11. cxd5 cxd5 12. Na4 Rc8 13. Rc1 Ne4 14. Bd3 Nd6 15. Qb3 Nf6 16. Ne5 Nfe4 17. Rfd1 Rxc1 18. Rxc1 e6 19. f3 Nd2 20. Qd1 N2c4 21. Nxc4 Nxc4 22. Bxc4 dxc4 23. Rxc4 Qg5 24. Nxb6 Qxe3+ 25. Kf1 Qf4 26. d5 Qxh2 27. Bxg7 Qh1+ 28. Ke2 Qxg2+ 29. Ke3 Kxg7 30. Qd4+ Kg8 31. Nd7 Qg1+ 32. Kd2 Qxd4+ 33. Rxd4 Rc8 34. d6 Rd8 35. Nc5 Bd5 36. d7 Kf8 37. Ra4 Ra8 38. Rxa5 Ke7 39. Rxa8 Bxa8 40. a4 h5 41. Ke3 g5 42. Kf2 h4 43. a5 f5 44. a6 g4 45. fxg4 fxg4 46. b6 g3+ 47. Kg1 Bc6 48. b7 h3 49. d8Q+ 1-0

[Event "Bogota op 10"]
[Site "Bogota"]
[Date "2012.10.18"]
[Round "8"]
[White "Guerrero Sierra, Juan Carlos"]
[Black "Puentes, Alvaro"]
[Result "1/2-1/2"]
[WhiteElo "2255"]
[BlackElo "2094"]
[PlyCount "28"]
[EventDate "2012.10.11"]
[EventType "swiss"]
[EventRounds "9"]
[EventCountry "COL"]
[SourceTitle "EXT 2013"]
[Source "ChessBase"]
[SourceDate "2012.11.22"]
[SourceVersion "1"]
[SourceVersionDate "2012.11.22"]
[SourceQuality "1"]

1. Nf3 d5 2. c4 c6 3. e3 Bf5 4. Nc3 e6 5. d4 Nd7 6. cxd5 exd5 7. Be2 Bd6 8. h3 Ngf6 9. 0-0 0-0 10. Nh4 Bg6 11. Nxg6 hxg6 12. Bd2 Re8 13. Rc1 Qe7 14. Bd3 b5 1/2-1/2

[Event "Bogota op 10"]
[Site "Bogota"]
[Date "2012.10.11"]
[Round "1"]
[White "Puentes, Alvaro"]
[Black "Quinonez Lara, Maria Constanza"]
[Result "1-0"]
[WhiteElo "2094"]
[BlackElo "1755"]
[PlyCount "36"]
[EventDate "2012.10.11"]
[EventType "swiss"]
[EventRounds "9"]
[EventCountry "COL"]
[SourceTitle "EXT 2013"]
[Source "ChessBase"]
[SourceDate "2012.11.22"]
[SourceVersion "1"]
[SourceVersionDate "2012.11.22"]
[SourceQuality "1"]

1. b4 d6 2. Bb2 Nd7 3. e3 e5 4. Nf3 c6 5. d3 Ngf6 6. c4 Qc7 7. Be2 Be7 8. Nc3 0-0 9. 0-0 Re8 10. Qb3 Nf8 11. Rac1 Ng6 12. Rfd1 Bd7 13. a4 a6 14. b5 Qb6 15. Ra1 axb5 16. axb5 Rec8 17. Ra4 Rd8 18. Rda1 Be6 1-0

[Event "Latin Cup-A 3rd"]
[Site "Cali"]
[Date "2012.10.08"]
[Round "8"]
[White "Puentes, Alvaro"]
[Black "Morales, Jhon Alexander"]
[Result "0-1"]
[WhiteElo "2094"]
[BlackElo "2324"]
[PlyCount "74"]
[EventDate "2012.10.04"]
[EventType "swiss"]
[EventRounds "9"]
[EventCountry "COL"]
[SourceTitle "CBM 150 Extra"]
[Source "ChessBase"]
[SourceDate "2012.10.19"]
[SourceVersion "1"]
[SourceVersionDate "2012.10.19"]
[SourceQuality "1"]

1. b4 d5 2. Bb2 Bg4 3. Qc1 e6 4. a3 Nf6 5. e3 a5 6. b5 Nbd7 7. Be2 Bxe2 8. Nxe2 a4 9. 0-0 Bd6 10. d4 Nb6 11. Nd2 Qd7 12. Nc3 c6 13. bxc6 Qxc6 14. Qd1 0-0 15. Qe2 Rfc8 16. Rfc1 Nc4 17. Nxc4 Qxc4 18. Qd3 Ra6 19. Ne2 Rb6 20. Bc3 h6 21. f3 Nd7 22. Kf2 Rcc6 23. Rcb1 f5 24. h3 h5 25. g3 Kf7 26. Ke1 Bxg3+ 27. Nxg3 Qxc3+ 28. Qxc3 Rxc3 29. Rxb6 Nxb6 30. Kd2 Rxa3 31. Rxa3 Nc4+ 32. Kc3 Nxa3 33. e4 Nb5+ 34. Kb2 h4 35. Ne2 fxe4 36. fxe4 g5 37. c3 Kg6 0-1

[Event "Bogota McGregor op 2nd"]
[Site "Bogota"]
[Date "2011.12.08"]
[Round "5"]
[White "Ramirez, Carlos"]
[Black "Puentes, Alvaro"]
[Result "1-0"]
[WhiteElo "2321"]
[BlackElo "2095"]
[PlyCount "45"]
[EventDate "2011.12.06"]
[EventType "swiss"]
[EventRounds "10"]
[EventCountry "COL"]
[SourceTitle "CBM 145 Extra"]
[Source "ChessBase"]
[SourceDate "2012.01.03"]
[SourceVersion "1"]
[SourceVersionDate "2012.01.03"]
[SourceQuality "1"]

1. d4 g6 2. e4 Bg7 3. c3 d6 4. f4 Nd7 5. Nf3 e5 6. Bc4 Qe7 7. fxe5 dxe5 8. Ng5 Nh6 9. 0-0 0-0 10. Kh1 Nb6 11. Bb3 Kh8 12. a4 f6 13. Nf3 a5 14. dxe5 fxe5 15. Bg5 Qc5 16. Nbd2 Nf7 17. Qe1 Bg4 18. Qh4 Bxf3 19. Be7 Bxg2+ 20. Kxg2 Nd6 21. Bxf8 Bxf8 22. Nf3 Nd7 23. Ng5 1-0